000 00601nam a22002297a 4500
003 UA-OsUOA
001 93732
007 ta
008 20130128b un ||||| |||| 00| 0 ukr d
100 _aБальзак О.
090 _a821.133.1
_bБ21
942 _cBK
040 _aUA-OsUOA
_bukr
_cUA-OsUOA
_dUA-OsUOA
245 _aВтрачені ілюзії
300 _a595 с.
955 _a3
041 _aukr
080 _a821.133.1
260 _aК.
_bДерж. вид. худ. літ.
_c1952
650 7 _a82 Література. Літературознавство
_2UDC
999 _c379975
_d379975